000 00635nam a2200217 4500
001 110492
003 ES-MaACL
007 t|
008 061121s1985 sp r ||||1| spa d
020 _a84-86311-19-5
100 _aNabokov, Vladimir
_9239142
245 1 0 _aCosas transparentes /
_cVladimir Nabokov ; traducción de Jordi Fibla.
250 _a[1ª ed.].
260 _aBarcelona :
_bVersal,
_c1985.
300 _a127 p. ;
_c22 cm.
490 1 _aBiblioteca del corondel
700 1 _aFibla, Jordi.
_950670
830 0 _aBiblioteca del corondel
_9178070
852 _aES-MaACL
_jL-9491
_bR.111338
999 _c110492
_d110492